000 00405nam a2200145Ia 4500
008 240126s9999 xx 000 0 und d
022 _a0973-7383
041 _aEnglish
245 0 _aInternational Journal of Electronics Engineering (IJEE) (2011 -
260 _bSerials Publications
_aNew Delhi
440 _aNULL
650 _aElectronics
650 _aElectronics,(2011, -,Electronics
942 _cJN
999 _c265393
_d265393